Synthesis, aggregation behavior and nonlinear absorption properties of lead phthalocyanines substituted with siloxane chains /
में बचाया:
| अन्य लेखक: | , , , , , |
|---|---|
| स्वरूप: | लेख |
| भाषा: | English |
| विषय: | |
| टैग : |
टैग जोड़ें
कोई टैग नहीं, इस रिकॉर्ड को टैग करने वाले पहले व्यक्ति बनें!
|
| Thư viện lưu trữ: | Thư viện Trường Đại học Đà Lạt |
|---|
| LEADER | 01048nam a2200337 4500 | ||
|---|---|---|---|
| 001 | DLU090095523 | ||
| 005 | ##20091201 | ||
| 040 | # | # | |a DLU |b eng |
| 041 | # | # | |a eng |
| 044 | # | # | |a us |
| 245 | # | # | |a Synthesis, aggregation behavior and nonlinear absorption properties of lead phthalocyanines substituted with siloxane chains / |c Eva M. Maya ... [et al.]. |
| 653 | # | # | |a Non linear optics |
| 653 | # | # | |a Optical absorption |
| 653 | # | # | |a Optical materials |
| 653 | # | # | |a Temperature effect |
| 700 | # | # | |a Flom, Steven R. |
| 700 | # | # | |a Maya, Eva M. |
| 700 | # | # | |a Pong, Richard G. S. |
| 700 | # | # | |a Roberts, Gerald L. |
| 700 | # | # | |a Shirk, James S. |
| 700 | # | # | |a Snow, Arthur W. |
| 773 | # | # | |t Journal of Materials Chemistry |g Vol. 13, no. 7 (2003), p. 1603-1613 |
| 920 | # | # | |a Phòng Tạp chí -- Trung tâm Thông tin - Thư viện Trường Đại học Đà Lạt |
| 994 | # | # | |a DLU |
| 900 | # | # | |a True |
| 911 | # | # | |a Trương Bảo Trâm Anh |
| 925 | # | # | |a G |
| 926 | # | # | |a A |
| 927 | # | # | |a BB |
| 980 | # | # | |a Thư viện Trường Đại học Đà Lạt |